| 000 | 00742cab a2200229 4500 | ||
|---|---|---|---|
| 001 | WB3444-08 | ||
| 008 | 090401t1998 xxu||||| |||| 00| 0 eng d | ||
| 035 | _a(Sirsi) u89771 | ||
| 041 | _aeng | ||
| 245 | _aBT`s property portfolio | ||
| 260 | _c1998 | ||
| 350 | _a0 | ||
| 490 |
_aFinancial Times _v16 November 1998, 23(1) |
||
| 520 | _aBT is looking into various ideas for its property portfolio, including the possibility of spinning off the assets into a separate property company. | ||
| 650 | _aBRITISH TELECOMMUNICATIONS | ||
| 650 | _aBT | ||
| 650 |
_aProperty management _96262 |
||
| 650 | _aPROPERTY PORTFOLIOS | ||
| 690 | _aPROPERTY-COMMERCIAL PROPERTY-COMMERCIAL PROPERTY MANAGEMENT | ||
| 942 | _n0 | ||
| 948 | _c18/11/1998 | ||
| 999 |
_c56823 _d56823 |
||